02131nam a2200361Ia 4500001001200000003000800012006001900020007001500039008004100054040002100095035002000116050002600136082001700162111011800179245036400297246009000661260005700751300001400808500005800822504004100880533015200921650004101073650005501114650006101169650004201230650006601272655002901338710010301367710013901470710001701609856012601626999001701752ebr10072142CaPaEBRm u cr cn|||||||||050324s1999 dcu sb f100 0 eng d aCaPaEBRcCaPaEBR a(OCoLC)5859626114aKF3024.C6bW67 1999eb04a346.04822222 aWorkshop on Promoting Access to Scientific and Technical Data for the Public Interestd(1999 :cWashington, D.C.)10aProceedings of the workshop on promoting access to scientific and technical data for the public interesth[electronic resource] :ban assessment of policy options /c[Committee for a Study on Promoting Access to Scientific and Technical Data for the Public Interest,] Commission on Physical Sciences, Mathematics, and Applications [National Research Council].30aWorkshop on promoting access to scientific and technical data for the public interest aWashington, D.C. :bNational Academy Press,c[c1999] ax, 379 p. aWorkshop held January 14-15, 1999 in Washington, D.C. aIncludes bibliographical references. aElectronic reproduction.bPalo Alto, Calif. :cebrary,d2009.nAvailable via World Wide Web.nAccess may be limited to ebrary affiliated libraries. 0aCopyrightxDatabaseszUnited States. 0aSciencexDatabasesxAccess controlzUnited States. 0aCopyright and electronic data processingzUnited States. 0aIntellectual propertyzUnited States. 0aInformation superhighwayxLaw and legislationzUnited States. 7aElectronic books.2local2 aNational Research Council (U.S.).bCommission on Physical Sciences, Mathematics, and Applications.2 aNational Research Council (U.S.).bCommittee for a Study on Promoting Access to Scientific and Technical Data for the Public Interest.2 aebrary, Inc.40uhttp://site.ebrary.com/lib/rucke/Doc?id=10072142zAn electronic book accessible through the World Wide Web; click to view c34122d34122